000
00312 a2200133 4500
000
nam a22 7a 4500
100
_a
Bhalla, Alok
110
_a
Bhalla, Alok
245
_a
Mahabharata(4 vol set)
250
_a
Latest edition
260
_b
Niyogi Books
_c
2023
264
_b
Niyogi Books
_c
2023
942
_c
BK
999
_c
395861
_d
395861